Abstract algebra (Record no. 137)
[ view plain ]
| 000 -LEADER | |
|---|---|
| fixed length control field | 00535 a2200217 4500 |
| 001 - CONTROL NUMBER | |
| control field | 065823 |
| 003 - CONTROL NUMBER IDENTIFIER | |
| control field | OSt |
| 005 - DATE AND TIME OF LATEST TRANSACTION | |
| control field | 20210903163919.0 |
| 008 - FIXED-LENGTH DATA ELEMENTS--GENERAL INFORMATION | |
| fixed length control field | |
| 020 ## - INTERNATIONAL STANDARD BOOK NUMBER | |
| International Standard Book Number | 9788126517763 |
| 082 ## - DEWEY DECIMAL CLASSIFICATION NUMBER | |
| Classification number | 512.02 |
| Item number | D89A |
| 100 1# - MAIN ENTRY--PERSONAL NAME | |
| Personal name | Dummit, David S. |
| 245 1# - TITLE STATEMENT | |
| Title | Abstract algebra |
| Statement of responsibility, etc | by David S. Dummit and Richard M. Foote |
| 250 ## - EDITION STATEMENT | |
| Edition statement | 2nd ed. |
| 260 ## - PUBLICATION, DISTRIBUTION, ETC. (IMPRINT) | |
| Place of publication, distribution, etc | India |
| Name of publisher, distributor, etc | Wiley |
| Date of publication, distribution, etc | 2009 |
| 300 ## - PHYSICAL DESCRIPTION | |
| Extent | 898p. |
| 630 ## - SUBJECT ADDED ENTRY--UNIFORM TITLE | |
| Uniform title | Mathematics |
| 690 ## - LOCAL SUBJECT ADDED ENTRY--TOPICAL TERM (OCLC, RLIN) | |
| Topical term or geographic name as entry element | Algebra; Abstract |
| 700 ## - ADDED ENTRY--PERSONAL NAME | |
| Personal name | Foote, Richard M. |
| 942 ## - ADDED ENTRY ELEMENTS (KOHA) | |
| Source of classification or shelving scheme | Dewey Decimal Classification |
| Koha item type | Books |
| Withdrawn status | Lost status | Damaged status | Not for loan | Collection code | Home library | Current library | Date acquired | Source of acquisition | Cost, normal purchase price | Total Checkouts | Full call number | Barcode | Date last seen | Date checked out | Price effective from | Koha item type |
|---|---|---|---|---|---|---|---|---|---|---|---|---|---|---|---|---|
| General Text Book | Central University Of Rajasthan | Central University Of Rajasthan | 07/03/2012 | MTH | 479.00 | 30 | 512.02 D89A | 109 | 01/06/2026 | 18/05/2026 | 02/09/2020 | Books | ||||
| General Text Book | Central University Of Rajasthan | Central University Of Rajasthan | 07/03/2012 | MTH | 479.00 | 26 | 512.02 D89A | 110 | 03/06/2026 | 06/05/2026 | 02/09/2020 | Books | ||||
| General Text Book | Central University Of Rajasthan | Central University Of Rajasthan | 07/03/2012 | MTH | 479.00 | 40 | 512.02 D89A | 111 | 28/04/2026 | 15/04/2026 | 02/09/2020 | Books | ||||
| General Text Book | Central University Of Rajasthan | Central University Of Rajasthan | 07/03/2012 | MTH | 479.00 | 20 | 512.02 D89A | 112 | 15/04/2026 | 26/03/2026 | 02/09/2020 | Books |
